Представление документа в формате RUSMARC

ПолеНазваниеЗначение
  Тип записи a
  Библиографический уровень m
001 Контрольный номер RU\bookru\bibl\918433
003 Постоянный идентификатор записи http://www.book.ru/book/918433
005 Дата корректировки 20161026112407.6
010 Индекс ISBN __
a ISBN 978-5-406-04728-6
100 Данные общей обработки 0_
a Данные общей обработки 20150914d2016 mk y0rusy50 ca
101 Язык документа 0_
a Язык текста Русский
102 Страна публикации __
a Страна публикации RU
105 Кодированные данные (монография) __
a Кодированные данные (монография) y ||||000yy
200 Заглавие и сведения об ответственности 1_
a Заглавие Анализ кредитоспособности организации и группы компаний
210 Выходные данные __
a Место издания Москва
c Издательство КноРус
d Дата издания 2016
215 Физическое описание __
a Объем 375
330 Аннотация __
a Аннотация В пособии систематизирован опыт и методическое обеспечение деятельности российских и зарубежных банков, раскрыты актуальные вопросы, связанные с ситуацией на кредитном рынке, правовой и информационной базой оценки кредитоспособности, организацией этого процесса. Отдельное место занимают прикладные положения по анализу кредитоспособности заемщиков, уделяется внимание разделению методических подходов в отношении отдельной организации-заемщика и группы компаний. Для студентов экономических вузов и преподавателей, работников кредитных и инвестиционных подразделений коммерческих банков, учетно-финансовых работников, финансовых аналитиков и менеджеров.
606 Тематические рубрики __
a Основная рубрика Банковское дело. Кредит
2 Код системы local
608 Указатель предметных рубрик __
a Жанр/форма Учебное пособие
2 Код системы local
675 Индекс УДК __
a Индекс УДК 336.72:336(075.8)
z Язык издания rus
686 Индексы других классификаций __
a Классификационный индекс 65.9(2)26я73
2 Код системы rubbk
700 Автор _1
a Фамилия Ендовицкий Д.А. под ред., Бахтин К.В., Ковтун Д.В.
801 Источник записи _1
a Страна RU
b Организация book_ru
c Дата составления 20150914
g Правила каталогизации RCR
856 Электронный адрес документа 4_
u Универсальный указатель ресурса (URL) http://www.book.ru/book/918433
951 __
a http://www.book.ru/book/918433